00859cam a2200229 a 450000100100000000500170001000800410002704000230006805000210009108200140011210000410012624500510016726000390021830000210025749000150027850501390029383000220043291000340045404900090048895201170049799900150061400000878620200929161417.0780607s1969 ve 000 1 spa  aDO-SdBNPcDLCdDLC00aPQ8550.14.U7bC6 aNNbD948c1 aDurán, Armando,d1913-2001.92332910aContracorriente :brelatos /cArmando Durán. aCaracas :bMonte Ávila,c[1969]. a173 p. ;c18 cm.1 aContinente0 aContracorriente -- Clara Clarita -- José Barcalayo, matador de alimanas -- Solo exactamente casi nunca -- Las mariposas de mi padre. 0aContinente.95070 aCatalogación por copia / LC aBNGR 001052708MOaGRbGRcCTd2009-09-18iLF1l0oNN D948cp8786-10r2020-06-25w2020-06-25y2ZPréstamo interno c8555d8555